000 00841nam2a2200253 4500
001 rc\2865642
005 20110712132253.0
035 _a(NLR Aleph) 007019445
090 _a13580034
_c13580034
100 _a20110712d1929 |||y0rusy50 ca
101 0 _arus
102 _aRU
105 _ay z |||||
200 1 _aИсследование температурной зависимости постоянного магнетизма
210 _d1929
225 1 _aНаучно-техническое управление ВСНХ
_v№ 286
461 0 _1001rc\2865639
_12001#$aТруды Института металлов$eВып. 1-$vВып. 3
700 1 _aСтогов
_bА. Ф.
701 1 _aМеськин
_bВ. С.
801 0 _aRU
_bNLR
_gpsbo
801 1 _aRU
_bELAR
_2rusmarc
852 _aNLR
_j48/341
942 _cBOOK
980 _aNB